Valparaíso: una casa, una experiencia, una proposición
Na minha lista:
| Autor principal: | |
|---|---|
| Outros Autores: | |
| Formato: | Livro |
| Idioma: | espanhol |
| Publicado em: |
Valparaíso
Universidad Católica de Valparaíso
1990
|
| Assuntos: | |
| Tags: |
Adicionar Tag
Sem tags, seja o primeiro a adicionar uma tag!
|
MARC
| LEADER | 00000nam a2200000 a 4500 | ||
|---|---|---|---|
| 001 | UCX1110 | ||
| 003 | CL-VaPUC | ||
| 005 | 20250228090207.0 | ||
| 008 | 900605e19900000CL |||||||||||||||||spa|d | ||
| 999 | |c 222435 |d 222433 | ||
| 040 | |c Pontificia Universidad Católica de Valparaíso | ||
| 082 | 0 | 4 | |a 307.76 |b PET |2 21 |
| 100 | |a Peters Palominos, Julia Roxanna |e autora |9 894152 | ||
| 245 | 1 | 0 | |a Valparaíso: una casa, una experiencia, una proposición |
| 260 | |a Valparaíso |b Universidad Católica de Valparaíso |c 1990 | ||
| 300 | |a 158 p | ||
| 583 | |a last modification |c 19900605 00:00:00 |k Rodrigo Vera | ||
| 650 | 0 | |a Vivienda |9 258662 | |
| 651 | 7 | |a QUINTA REGION |2 CL-VaPUC |9 316529 | |
| 700 | |a Oyarzún Chicuy, Astrid A. |e autora |9 745423 | ||
| 942 | |c BK |2 ddc | ||
| 945 | |d 19900605 00:00:00 | ||
| 952 | |0 0 |1 0 |4 0 |6 307_760000000000000_PET_1990 |7 0 |8 A |9 217155 |a BIBGIM |b BIBGIM |d 2019-11-15 |i 2861100 |o 307.76 PET 1990 |p 2861100 |r 2025-01-15 |w 2019-11-15 |y BK |k SSL | ||
| 952 | |0 0 |1 0 |4 0 |6 307_760000000000000_PET_1990 |7 0 |8 A |9 217156 |a BIBGIM |b BIBGIM |d 2019-11-15 |i 2861119 |o 307.76 PET 1990 |p 2861119 |r 2025-01-15 |w 2019-11-15 |y BK |k SSL | ||
| 952 | |0 0 |1 0 |4 0 |6 307_760000000000000_PET_1990 |7 0 |8 A |9 217157 |a BIBGIM |b BIBGIM |d 2019-11-15 |i 2861127 |o 307.76 PET 1990 |p 2861127 |r 2025-01-15 |w 2019-11-15 |y BK |k SSL | ||
| 952 | |0 0 |1 0 |4 0 |6 307_760000000000000_PET_1990 |7 0 |8 A |9 217158 |a BIBGIM |b BIBGIM |d 2019-11-15 |i 2861135 |o 307.76 PET 1990 |p 2861135 |r 2025-01-15 |w 2019-11-15 |y BK |k SSL | ||
| 952 | |0 0 |1 0 |4 0 |6 307_760000000000000_PET_1990 |7 0 |8 A |9 217159 |a BIBGIM |b BIBGIM |d 2019-11-15 |i 2861143 |o 307.76 PET 1990 |p 2861143 |r 2025-01-15 |w 2019-11-15 |y BK |k SSL | ||